000 00567ntm a2200169 i 4500
001 184414
003 ES-MaACL
005 20230906222204.0
008 150821q18861900sp |||| | spa d
245 0 0 _aProyecto de Reglamento orgánico del Cuerpo de Ingenieros de minas [
_hManuscrito].
260 _cS.XIX.
300 _a40 h. ;
_c33 cm.
500 _aPosterior a 1886.
610 2 4 _aCuerpo de Ingenieros de Minas-
_vReglamentos.
_9157285
710 2 _aCuerpo de Ingenieros de Minas.
_9140786
852 1 _aBA
_jT-895-F-7
_z.- Legado Federico de Botella y de Hornos
999 _c184414
_d184414